Flags Quiz! - Statistics

General Stats
  • This quiz has been taken 8 times
  • The average score is 8 of 20
Answer Stats
Picture Answer % Correct
lyberia
100%
new zealdand
100%
ruzzia
100%
brazil
88%
kameroon
75%
switzerland
75%
uae
75%
us
75%
cuwait
25%
etihopia
13%
hermany
13%
Tissot
13%
Twix
13%
auustria
0%
balguim
0%
ckhana
0%
da bosnia
0%
Tabasco
0%
Turkish Airlines
0%
yumun
0%
No matching quizzes found
Score Distribution
Percent of People with Each Score
Percentile by Number Answered
Your Score History
You have not taken this quiz